|
|
|
|
| LEADER |
00000nab a2200000 a 4500 |
| 001 |
vtls000598642 |
| 003 |
SK-MaSNL |
| 005 |
20260304094914.0 |
| 008 |
250425c1996 xo 0 slo |
| 015 |
|
|
|a SNBRB19rr/mm-uuuuu
|
| 035 |
|
|
|a CL0598781
|
| 035 |
|
|
|a urn:nbn:sk:snk-ab6thv
|
| 035 |
|
|
|a (uuid)22479b6b-0e87-44dd-aefe-7da920831eb2
|
| 035 |
|
|
|a (urnnbn)urn:nbn:sk:snk:ar-a07f5g
|
| 035 |
|
|
|a (sysno)vtls000598642
|
| 040 |
|
|
|a SNKBUCL
|b slo
|c SNKBUCL
|e AACR2
|
| 041 |
0 |
|
|a eng
|
| 044 |
|
|
|a xo
|c SK
|
| 080 |
|
|
|a 616.72-002.77-089
|2 1981
|
| 100 |
1 |
|
|a Akimova, T.
|4 aut
|9 1391713
|
| 245 |
1 |
0 |
|a Surgical treatment in aged rheumatoid arthritis (RA) Patients
|c T. Akimova, A. Satybaldyev, M. Ivanova
|
| 650 |
0 |
7 |
|a reumatoidná artritída
|2 snkbucl
|9 28588
|
| 655 |
|
7 |
|a články z novín a časopisov
|2 snkbucl
|9 267496
|
| 700 |
1 |
|
|a Satybaldyev, A.
|4 aut
|9 1391714
|
| 700 |
1 |
|
|a Ivanova, M.
|4 aut
|9 816949
|
| 773 |
0 |
|
|t Rheumatologia. Supplement 1
|g Roč. 10 (1996), s. 44
|
| 850 |
|
|
|a Slovenská národná knižnica
|
| 852 |
|
|
|a Slovenská národná knižnica
|
| 958 |
|
|
|a article27
|
| 958 |
|
|
|a RK
|
| 958 |
|
|
|a MI
|
| 958 |
|
|
|a NX
|
| 958 |
|
|
|a OND
|
| 958 |
|
|
|a EUIPO
|
| 992 |
|
|
|a RBX
|
| 999 |
|
|
|c 2829595
|d 2831525
|